Most Populated Countries Containing 'M' - Statistics

General Stats
  • This quiz has been taken 369 times
    346 since last reset
  • The average score is 14 of 20
Answer Stats
Population Country % Correct
121 mil. Mexico
94%
30 mil Malaysia
86%
81 mil. Germany
82%
17 mil. Mali
82%
33 mil. Morocco
82%
25 mil. Mozambique
79%
64 mil. United Kingdom
77%
48 mil. Colombia
75%
22 mil. Madagascar
75%
91 mil. Vietnam
75%
77 mil. D.R. Congo
73%
53 mil. Burma
70%
15 mil. Cambodia
62%
16 mil. Malawi
62%
13 mil. Zimbabwe
58%
24 mil. Yemen
57%
15 mil. Zambia
57%
16 mi. Guatemala
54%
23 mil. Cameroon
51%
19 mil. Romania
50%
No matching quizzes found
Score Distribution
Percent of People with Each Score
Percentile by Number Answered
Your Score History
You have not taken this quiz since the last reset